• 首页
  • 本馆介绍
  • 公告通知
  • 最新文献
  • 馆藏检索
  • 电子资源
  • 读者导购
  • 参考咨询
  • 我的图书馆
  • 登录
  • 详细信息显示
  • 放入我的书架
  • 预约/预借图书
  • 作者相关作品
  • 分类相关作品
  • 丛书相关作品
  • 出版社相关作品

书目信息

  • 表格格式
  • 工作单格式
  • 卡片格式
题名:
汉语语法专题十讲
    
 
作者: 邓福南 著
分册:  
出版信息: 长沙   湖南人民出版社  1980
页数: 184页
开本: 19cm
丛书名:
单 册:
中图分类: H146 , H14
科图分类:
主题词: 汉语--语法 , 汉语-语法 , 语法-汉语
电子资源:
ISBN:
000 00643nam0 2200253 45
001 0180003196
005 20070731111637.76
010    @dCNY0.46
091    @a9109.61
100    @a19960215d1980 em y0chiy0121 ea
101 0  @achi
102    @aCN@b430000
105    @ay z 000yy
200 10 @a汉语语法专题十讲@Ahan yu yu fa zhuan ti shi jiang@f邓福南著
210    @a长沙@c湖南人民出版社@d1980
215    @a184页@d19cm
606 0  @a汉语@x语法
606    @a汉语-语法
606    @a语法-汉语
690    @aH146@v3
690    @aH14@v3
701  0 @a邓福南@Adeng fu nan@4著
801  0 @aCN@bNLC@c20070731
905    @dH14@e267@f7@b96921-927
    
    汉语语法专题十讲/邓福南著.-长沙:湖南人民出版社,1980
    184页;19cm
    
    
    ISBN :CNY0.46
    
●
相关链接 在E读中查询图书 在五车中查询图书 在当当中查询图书 在豆瓣中查询图书


正题名:汉语语法专题十讲     索取号:H14/267         预约/预借

序号 登录号 条形码 馆藏地/架位号 状态 备注
1 0056928   001903444   密集书库/ [索取号:H14/267] 在馆    
2 0056929   001823931   密集书库/ [索取号:H14/267] 在馆    
3 0056930   000914229   第二样本阅览室/ [索取号:H14/267] 在馆    
4 0096921   000913952   第四借阅区/ [索取号:H14/267] 在馆    
5 0096922   000913989   第四借阅区/ [索取号:H14/267] 在馆    
6 0096923   000914185   第四借阅区/ [索取号:H14/267] 在馆    
7 0096924   000914265   第四借阅区/ [索取号:H14/267] 在馆    
8 0096925   000913934   第四借阅区/ [索取号:H14/267] 在馆    
9 0096926   000913943   第四借阅区/ [索取号:H14/267] 在馆    
10 0096927   000913970   第四借阅区/ [索取号:H14/267] 在馆    
11 0436400   204364008   密集书库/ [索取号:H14/267] 在馆    
12 0786358   207863588   密集书库/ [索取号:H14/267] 在馆    
唐山师范学院图书馆 欢迎您!
大连网信软件有限公司© 版权所有